MARC details
| 000 -CABECERA |
| campo de control de longitud fija |
00925nam a2200229 u 4500 |
| 005 - FECHA Y HORA DE LA ÚLTIMA TRANSACCIÓN |
| campo de control |
20260415064229.0 |
| 008 - ELEMENTOS DE LONGITUD FIJA--INFORMACIÓN GENERAL |
| campo de control de longitud fija |
160603s2003 r 000 0 eng d |
| 020 ## - NÚMERO INTERNACIONAL NORMALIZADO PARA LIBROS |
| Número Internacional Estándar del Libro |
8427125194 |
| 035 ## - NÚMERO DE CONTROL DEL SISTEMA |
| Número de control de sistema |
UPN01000211131 |
| 049 ## - COLECCIÓN |
| Colección |
CG |
| 050 #4 - SIGNATURA TOPOGRÁFICA DE LA BIBLIOTECA DEL CONGRESO |
| Número de clasificación |
LB2822.84 E8.5 |
| Número de documento/Ítem |
M4.4 |
| 245 00 - MENCIÓN DE TÍTULO |
| Título |
Mejorar procesos, mejorar resultados en educación : |
| Resto del título |
investigación europea sobre mejora de la eficacia escolar / |
| Mención de responsabilidad, etc. |
Mercedes Muñoz-Repiso Izaguirre ... [et al.] ; coord. Javier Murillo Torrecilla. |
| 260 ## - PUBLICACIÓN, DISTRIBUCIÓN, ETC. |
| Lugar de publicación, distribución, etc. |
Bilbao, Esp. : |
| Nombre del editor, distribuidor, etc. |
Ministerio de Educación, Cultura y Deporte : |
| -- |
Universidad de Deusto, |
| Fecha de publicación, distribución, etc. |
2003. |
| 300 ## - DESCRIPCIÓN FÍSICA |
| Extensión |
367 p. : |
| Otras características físicas |
tablas |
| 650 #4 - ASIENTO SECUNDARIO DE MATERIA - TERMINO TEMATICO |
| Término de materia o nombre geográfico como elemento de entrada |
PROGRAMAS DE MEJORAMIENTO ESCOLAR - |
| Subdivisión geográfica |
EUROPA |
| 9 (RLIN) |
25100 |
| 650 #4 - ASIENTO SECUNDARIO DE MATERIA - TERMINO TEMATICO |
| Término de materia o nombre geográfico como elemento de entrada |
Evaluación educativa |
| 9 (RLIN) |
4298 |
| 650 #4 - ASIENTO SECUNDARIO DE MATERIA - TERMINO TEMATICO |
| Término de materia o nombre geográfico como elemento de entrada |
Educación |
| Subdivisión general |
Planificación |
| 9 (RLIN) |
1146 |
| 700 1# - ASIENTO SECUNDARIO--NOMBRE DE PERSONAL |
| Nombre de persona |
Muñoz-Repiso Izaguirre, Mercedes, |
| Término indicativo de función/relación |
coaut. |
| 700 1# - ASIENTO SECUNDARIO--NOMBRE DE PERSONAL |
| Nombre de persona |
Murillo Torrecilla, Javier, |
| Término indicativo de función/relación |
coord. |
| 905 00 - TIPO DE MATERIAL |
| Tipo de material |
Libro |